[Event "Junior Online 4NCL Division 3"]
[Site "online"]
[Date "2022.02.17"]
[EventDate "2022.02.17"]
[Round "3.107"]
[White "Agasee, Emilio"]
[WhiteElo "1238"]
[WhiteTeam "Coldfall Bishops"]
[Black "Li, Harvey"]
[BlackElo "1280"]
[BlackTeam "London Dragons Beryllium"]
[Result "0-1"]
[PlyCount "46"]

1. e4 e6 2. d4 d5 3. exd5 exd5 4. Bd3 Nf6 5. Nf3 Be6 6. Bg5 c5 7. c3 Nc6 8. Nbd2 Rc8 9. Qc2 cxd4 10. cxd4 Nxd4 11. Qa4+ Nc6 12. Ne5 Bd6 13. Nxc6 Rxc6 14. Bb5 O-O 15. Bxc6 bxc6 16. Qxc6 Qe7 17. O-O Bd7 18. Bxf6 gxf6 19. Qxd5 Kh8 20. Rfe1 Be6 21. Qh5 Rg8 22. Rac1 Qb7 23. Nb3 Qxg2# 0-1

[Event "Junior Online 4NCL Division 3"]
[Site "online"]
[Date "2022.02.17"]
[EventDate "2022.02.17"]
[Round "3.108"]
[White "Liu, Zhengzheng"]
[WhiteElo "1290"]
[WhiteTeam "London Dragons Beryllium"]
[Black "Haga, Viktor"]
[BlackElo "1156"]
[BlackTeam "Coldfall Bishops"]
[Result "1/2-1/2"]
[PlyCount "71"]

1. e4 e5 2. Nf3 Nc6 3. d4 exd4 4. Nxd4 Nxd4 5. Qxd4 Nf6 6. Nc3 Bd6 7. e5 Qe7 8. Bf4 Ng4 9. Be2 Nxe5 10. Bxe5 Bxe5 11. Qe3 Bxc3+ 12. Qxc3 O-O 13. Qxc7 Re8 14. Qc4 a6 15. O-O-O Qxe2 16. Qxe2 Rxe2 17. Rhe1 Rxe1 18. Rxe1 h6 19. Re8+ Kh7 20. Kd2 b5 21. Rd8 Bb7 22. Rxd7 Bxg2 23. Rxf7 Bd5 24. Rd7 Bxa2 25. b3 a5 26. Kc1 a4 27. Kb2 axb3 28. cxb3 h5 29. Rd1 b4 30. Ra1 Re8 31. Rxa2 Re2+ 32. Kb1 Re1+ 33. Kb2 Re2+ 34. Kb1 Re1+ 35. Kc2 Re2+ 36. Kb1 1/2-1/2

[Event "Junior Online 4NCL Division 3"]
[Site "online"]
[Date "2022.02.17"]
[EventDate "2022.02.17"]
[Round "3.111"]
[White "Chandrasekar, Neel"]
[WhiteElo "1230"]
[WhiteTeam "Chess Challengers D"]
[Black "Sohi, Aarav"]
[BlackElo "1289"]
[BlackTeam "Staffordshire Oatcakes"]
[Result "1-0"]
[PlyCount "109"]

1. d4 c6 2. c4 d5 3. Nc3 Nf6 4. Bf4 g6 5. e3 Bg7 6. Bd3 O-O 7. Nf3 Re8 8. O-O Nbd7 9. Qd2 Nh5 10. Be5 f6 11. Bg3 e5 12. dxe5 fxe5 13. cxd5 cxd5 14. Bb5 e4 15. Nd4 Nxg3 16. hxg3 Bxd4 17. Qxd4 a6 18. Bxd7 Qxd7 19. Qxd5+ Qxd5 20. Nxd5 Be6 21. Nc7 Rac8 22. Nxe8 Rxe8 23. b3 b6 24. Rac1 a5 25. Rc6 b5 26. Ra6 a4 27. bxa4 bxa4 28. Rxa4 h5 29. Ra1 Bd7 30. Rd4 Bb5 31. a4 Bd3 32. a5 Ra8 33. f3 Ba6 34. Rxe4 Kf7 35. Kf2 g5 36. Re5 Kf6 37. f4 gxf4 38. gxf4 h4 39. Rh5 Ke6 40. Rxh4 Kd6 41. g4 Bc8 42. Kg3 Ke6 43. Rh6+ Kf7 44. a6 Bxa6 45. Rhxa6 Rxa6 46. Rxa6 Kf8 47. g5 Kg8 48. e4 Kf8 49. f5 Kf7 50. g6+ Kg7 51. Kg4 Kf8 52. Kg5 Kg7 53. Ra7+ Kg8 54. Kh6 Kh8 55. Ra8# 1-0

[Event "Junior Online 4NCL Division 3"]
[Site "online"]
[Date "2022.02.17"]
[EventDate "2022.02.17"]
[Round "3.112"]
[White "Stanley, Isaac"]
[WhiteElo "1240"]
[WhiteTeam "Staffordshire Oatcakes"]
[Black "Khandelwal, Ritisha"]
[BlackElo "1205"]
[BlackTeam "Chess Challengers D"]
[Result "0-1"]
[PlyCount "144"]

1. d4 d5 2. c4 c6 3. Nc3 Nf6 4. Nf3 Bf5 5. Qb3 e6 6. Qxb7 Nbd7 7. Qxc6 dxc4 8. Qxc4 Be7 9. Bf4 O-O 10. e3 Qb6 11. b3 Bb4 12. Be2 Ne4 13. O-O Nxc3 14. a3 Nxe2+ 15. Qxe2 Be7 16. b4 Nf6 17. Rfc1 Nd5 18. Be5 Rac8 19. h3 Nc3 20. Qb2 Na4 21. Qb3 Qb5 22. g4 Be4 23. Nd2 Bd5 24. Qb1 Nc3 25. a4 Nxb1 26. axb5 Nxd2 27. Rd1 Nf3+ 28. Kf1 Nxe5 29. dxe5 Bxb4 30. Rxa7 Bc4+ 31. Kg1 Bxb5 32. Rb7 Rc5 33. Rb1 Rxe5 34. Rxb4 Bc6 35. R7b6 Bd5 36. f4 Rxe3 37. Kh2 h6 38. R4b5 Re2+ 39. Kg3 Rg2+ 40. Kh4 Kh7 41. f5 exf5 42. Rxd5 fxg4 43. hxg4 g6 44. Kh3 Re2 45. Kg3 Rc8 46. Rdd6 Rc3+ 47. Kf4 Rf2+ 48. Ke5 Rc5+ 49. Kd4 Rg5 50. Rd7 Rxg4+ 51. Kc5 Rf5+ 52. Kc6 Rc4+ 53. Kb7 Kg7 54. Ra6 Rb4+ 55. Ka7 h5 56. Ka8 h4 57. Rc6 h3 58. Rc8 Rh4 59. Rdd8 h2 60. Rg8+ Kf6 61. Rc6+ Kg5 62. Rc1 h1=Q+ 63. Rxh1 Rxh1 64. Rd8 Rb1 65. Rd7 Ra5+ 66. Ra7 Rxa7+ 67. Kxa7 f5 68. Ka6 f4 69. Ka5 f3 70. Ka4 f2 71. Ka3 f1=Q 72. Ka4 Qa6# 0-1

[Event "Junior Online 4NCL Division 3"]
[Site "online"]
[Date "2022.02.17"]
[EventDate "2022.02.17"]
[Round "3.113"]
[White "Bhaskaran, Adithya"]
[WhiteElo "1200"]
[WhiteTeam "Chess Challengers D"]
[Black "Birch, Cade"]
[BlackElo "1100"]
[BlackTeam "Staffordshire Oatcakes"]
[Result "0-1"]
[PlyCount "142"]

1. e4 c5 2. Nc3 Nc6 3. Nf3 g6 4. Bc4 Bg7 5. O-O e6 6. d3 Nge7 7. Bg5 f6 8. Bf4 e5 9. Be3 d6 10. Bb5 Bd7 11. Nd2 f5 12. f4 Qb6 13. a4 Qa5 14. Nb3 Qc7 15. Nd5 Nxd5 16. exd5 Na5 17. Bxd7+ Kxd7 18. c3 c4 19. Nc1 exf4 20. Rxf4 Bh6 21. Rf3 Bxe3+ 22. Rxe3 Rhe8 23. Qf3 Re5 24. Na2 cxd3 25. Rxd3 Nb3 26. Rad1 Qc5+ 27. Kf1 Rae8 28. Nb4 a5 29. Nc2 Re4 30. Nd4 Nxd4 31. Rxd4 R4e5 32. Qd3 Re3 33. Qb5+ Qxb5+ 34. axb5 b6 35. R1d2 Re1+ 36. Kf2 Rb1 37. Rc4 Rc8 38. Rc6 a4 39. Rxb6 Kc7 40. Rc6+ Kb7 41. Rxd6 Rc5 42. b6 Rb5 43. Ke3 R1xb2 44. Rxb2 Rxb2 45. Kf3 a3 46. Rd7+ Kxb6 47. Rd8 a2 48. Ra8 Kb7 49. Ra5 Kb6 50. Ra3 Kc5 51. Kf4 Kxd5 52. Kg5 Rxg2+ 53. Kh6 Rxh2+ 54. Kg5 h5 55. Kxg6 f4 56. Ra5+ Ke4 57. Ra4+ Ke3 58. c4 f3 59. c5 f2 60. Rxa2 Rg2+ 61. Kxh5 f1=Q 62. Rxg2 Qxg2 63. c6 Qxc6 64. Kg5 Qe6 65. Kh4 Qf5 66. Kg3 Ke2 67. Kh4 Qg6 68. Kh3 Qg5 69. Kh2 Qg4 70. Kh1 Kf2 71. Kh2 Qh5# 0-1

[Event "Junior Online 4NCL Division 3"]
[Site "online"]
[Date "2022.02.17"]
[EventDate "2022.02.17"]
[Round "3.114"]
[White "Sohi, Sehej"]
[WhiteElo "1027"]
[WhiteTeam "Staffordshire Oatcakes"]
[Black "Ciutac, Stefan"]
[BlackElo "1173"]
[BlackTeam "Chess Challengers D"]
[Result "0-1"]
[PlyCount "114"]

1. e4 c6 2. Nf3 d5 3. Bd3 dxe4 4. Bxe4 Nf6 5. Nc3 Nxe4 6. Nxe4 g6 7. O-O Bg7 8. d3 O-O 9. h3 Nd7 10. Nfg5 h6 11. Nf3 Ne5 12. Nxe5 Bxe5 13. Bxh6 Bg7 14. Bg5 Bxb2 15. Rb1 Bg7 16. Ng3 Re8 17. c3 Bxc3 18. Qb3 Bg7 19. Rfe1 c5 20. Re4 b6 21. Rf4 Be6 22. Qb5 Bxa2 23. Re1 Be6 24. Qc6 Qc8 25. Rxe6 Qxe6 26. Qxe6 fxe6 27. Ne4 Rf8 28. Rh4 Bf6 29. Bh6 Bxh4 30. Bxf8 Rxf8 31. d4 cxd4 32. Nd2 Rxf2 33. Ne4 Re2 34. Nf2 Bxf2+ 35. Kh2 a5 36. Kh1 a4 37. g4 a3 38. Kg2 a2 39. Kf3 a1=Q 40. Kxe2 Qa2+ 41. Kf3 Qb3+ 42. Kxf2 Qxh3 43. Ke2 Qxg4+ 44. Kd3 Kf7 45. Kc4 d3+ 46. Kxd3 Kf6 47. Ke3 Ke5 48. Kd3 Qe4+ 49. Kc3 Kd5 50. Kb3 Qd4 51. Ka3 Qc4 52. Kb2 Qd3 53. Ka2 Qc3 54. Kb1 Qd2 55. Ka1 Kc4 56. Kb1 Kb3 57. Ka1 Qc1# 0-1

[Event "Junior Online 4NCL Division 3"]
[Site "online"]
[Date "2022.02.17"]
[EventDate "2022.02.17"]
[Round "3.115"]
[White "Sohi, Aarav"]
[WhiteElo "1289"]
[WhiteTeam "Staffordshire Oatcakes"]
[Black "Chandrasekar, Neel"]
[BlackElo "1230"]
[BlackTeam "Chess Challengers D"]
[Result "0-1"]
[PlyCount "66"]

1. d4 Nf6 2. c4 g6 3. Nf3 Bg7 4. Nc3 d6 5. Bg5 O-O 6. e3 h6 7. Bh4 Nbd7 8. g3 c5 9. Bg2 g5 10. Nxg5 hxg5 11. Bxg5 Nh7 12. h4 f6 13. Bf4 e5 14. dxe5 dxe5 15. Be4 f5 16. Bxf5 Rxf5 17. Bg5 Qf8 18. f4 exf4 19. g4 Rf7 20. Nd5 fxe3 21. Nxe3 Bxb2 22. Rb1 Bc3+ 23. Ke2 Ne5 24. Rf1 Rxf1 25. Nxf1 Bxg4+ 26. Ke3 Bxd1 27. Nh2 Bd4+ 28. Ke4 Bc2+ 29. Kd5 Bxb1 30. Ng4 Nxg4 31. a4 Qe8 32. Kd6 Qe5+ 33. Kd7 Bf5# 0-1

[Event "Junior Online 4NCL Division 3"]
[Site "online"]
[Date "2022.02.17"]
[EventDate "2022.02.17"]
[Round "3.116"]
[White "Khandelwal, Ritisha"]
[WhiteElo "1205"]
[WhiteTeam "Chess Challengers D"]
[Black "Stanley, Isaac"]
[BlackElo "1240"]
[BlackTeam "Staffordshire Oatcakes"]
[Result "0-1"]
[PlyCount "52"]

1. e4 d6 2. Nf3 Nf6 3. Nc3 g6 4. d4 Bg7 5. Bc4 O-O 6. Ne2 c6 7. c3 b5 8. Bb3 a5 9. a4 Nxe4 10. Be3 bxa4 11. Bxa4 Qb6 12. Qc1 Ba6 13. d5 c5 14. Bd1 Nd7 15. O-O Rab8 16. Rb1 Ndf6 17. Ng5 Nxd5 18. Nxe4 Nxe3 19. fxe3 d5 20. N4g3 Bd3 21. Bc2 c4 22. Nf4 Rfd8 23. Nxd3 cxd3 24. Bxd3 Bh6 25. c4 Bxe3+ 26. Qxe3 Qxe3+ 0-1

[Event "Junior Online 4NCL Division 3"]
[Site "online"]
[Date "2022.02.17"]
[EventDate "2022.02.17"]
[Round "3.117"]
[White "Birch, Cade"]
[WhiteElo "1100"]
[WhiteTeam "Staffordshire Oatcakes"]
[Black "Bhaskaran, Adithya"]
[BlackElo "1200"]
[BlackTeam "Chess Challengers D"]
[Result "0-1"]
[PlyCount "80"]

1. d4 d5 2. Bf4 Nc6 3. Nf3 Nf6 4. e3 Bg4 5. Be2 e6 6. c3 Bd6 7. Bg3 Ne4 8. Qd3 O-O 9. Nbd2 f5 10. O-O Ne7 11. h3 Bh5 12. Ne5 Bxe2 13. Qxe2 Nxg3 14. fxg3 Bxe5 15. dxe5 Ng6 16. Nf3 c5 17. Rad1 Qc7 18. Qb5 b6 19. b4 a6 20. Qa4 Nxe5 21. Nxe5 Qxe5 22. Rf3 Qxc3 23. Qd7 Rae8 24. bxc5 bxc5 25. Qc6 a5 26. Qa4 Qb4 27. Qxb4 axb4 28. Rc1 c4 29. Rf2 Ra8 30. Rb2 Rfb8 31. Rcb1 Ra3 32. Kf2 c3 33. Rb3 Rxa2+ 34. Kg1 Re2 35. Rxb4 Rxb4 36. Rxb4 c2 37. Kf1 Rd2 38. Ke1 Rxg2 39. Kf1 Rd2 40. Ke1 c1=Q# 0-1

[Event "Junior Online 4NCL Division 3"]
[Site "online"]
[Date "2022.02.17"]
[EventDate "2022.02.17"]
[Round "3.118"]
[White "Ciutac, Stefan"]
[WhiteElo "1173"]
[WhiteTeam "Chess Challengers D"]
[Black "Sohi, Sehej"]
[BlackElo "1027"]
[BlackTeam "Staffordshire Oatcakes"]
[Result "1-0"]
[PlyCount "57"]

1. c4 e5 2. g3 Nf6 3. Bg2 Bc5 4. Nc3 Nc6 5. e3 O-O 6. Nge2 Ng4 7. O-O Qg5 8. h3 Nf6 9. d4 exd4 10. exd4 Bd6 11. Bxg5 g6 12. Bxf6 Re8 13. Qd2 Nb4 14. Qh6 Bf8 15. Qh4 Nc2 16. Rac1 Nb4 17. Nf4 d6 18. Qg5 b6 19. Bxa8 Ba6 20. h4 Rxa8 21. h5 Bxc4 22. hxg6 Bxf1 23. gxh7+ Kxh7 24. Kxf1 Bh6 25. Qh5 Rg8 26. Qxf7+ Bg7 27. Ne6 Nd3 28. Bxg7 Rxg7 29. Qxg7# 1-0

[Event "Junior Online 4NCL Division 3"]
[Site "online"]
[Date "2022.02.17"]
[EventDate "2022.02.17"]
[Round "3.121"]
[White "Bhattacharjee, Aaditya"]
[WhiteElo "696"]
[WhiteTeam "East Kilbride Rooks"]
[Black "Jinturkar, Paras"]
[BlackElo "1000"]
[BlackTeam "KEGS C"]
[Result "0-1"]
[PlyCount "44"]

1. e4 e5 2. Nf3 Nc6 3. Bc4 Nd4 4. Nxd4 exd4 5. O-O d6 6. Re1 c6 7. d3 b5 8. Bb3 Qf6 9. c3 Nh6 10. cxd4 Ng4 11. f3 Qxd4+ 12. Be3 Nxe3 13. Rxe3 Qxe3+ 14. Kh1 Be7 15. Nc3 h5 16. Qc2 h4 17. h3 g5 18. Rd1 g4 19. fxg4 Bg5 20. Bxf7+ Kxf7 21. Rf1+ Ke8 22. Qb3 Rf8 0-1

[Event "Junior Online 4NCL Division 3"]
[Site "online"]
[Date "2022.02.17"]
[EventDate "2022.02.17"]
[Round "3.122"]
[White "Lankothu, Sushant"]
[WhiteElo "1007"]
[WhiteTeam "KEGS C"]
[Black "Verma, Abhi"]
[BlackElo "620"]
[BlackTeam "East Kilbride Rooks"]
[Result "0-1"]
[PlyCount "66"]

1. e4 c5 2. Nf3 Nc6 3. Bb5 d6 4. d4 cxd4 5. Nxd4 Bd7 6. Nxc6 Bxc6 7. Bxc6+ bxc6 8. Nc3 g6 9. b3 Bg7 10. Bb2 Nf6 11. f4 Nxe4 12. Qf3 f5 13. O-O-O d5 14. Nxe4 fxe4 15. Qe3 Bxb2+ 16. Kxb2 O-O 17. g4 a5 18. h4 Qd6 19. Rhf1 Rf7 20. f5 gxf5 21. Qg5+ Qg6 22. Rxf5 Qxg5 23. Rxg5+ Rg7 24. Rxg7+ Kxg7 25. a4 Rf8 26. Rg1 e3 27. Kc3 c5 28. Kd3 d4 29. c4 Rf2 30. Re1 Rd2+ 31. Ke4 e2 32. Kd5 d3 33. Ke4 Rd1 0-1

[Event "Junior Online 4NCL Division 3"]
[Site "online"]
[Date "2022.02.17"]
[EventDate "2022.02.17"]
[Round "3.123"]
[White "Narasimhan, Srivathsan"]
[WhiteElo "501"]
[WhiteTeam "East Kilbride Rooks"]
[Black "Gould, Charlie"]
[BlackElo "952"]
[BlackTeam "KEGS C"]
[Result "1-0"]
[PlyCount "111"]

1. e4 e5 2. Nf3 Nc6 3. Nc3 Nf6 4. d4 d6 5. dxe5 dxe5 6. Nd5 Nxd5 7. exd5 e4 8. Ng5 h6 9. Nxe4 Bb4+ 10. c3 Be7 11. Bb5 O-O 12. dxc6 Qxd1+ 13. Kxd1 a6 14. cxb7 Bg4+ 15. f3 Rab8 16. Bxa6 Bf5 17. Bf4 Bxe4 18. Bxc7 Bg5 19. fxe4 Be3 20. Bd6 Rbd8 21. b8=Q Rxb8 22. Bxb8 Rd8+ 23. Ke2 Bg5 24. Bc7 Ra8 25. Bc4 Rc8 26. h4 Bf6 27. e5 Bxe5 28. Bxe5 Rxc4 29. Rad1 Re4+ 30. Kf3 Rxe5 31. Rd8+ Kh7 32. Kf4 Rc5 33. g4 g6 34. g5 Rc4+ 35. Kg3 h5 36. Re1 Rg4+ 37. Kf3 Rxh4 38. Ree8 Rh3+ 39. Kf4 Rh4+ 40. Kg3 Rg4+ 41. Kf3 Rxg5 42. b4 Rf5+ 43. Ke4 Rg5 44. a4 Rg3 45. a5 Rxc3 46. a6 Rc4+ 47. Kd5 Rxb4 48. a7 Ra4 49. a8=Q Rxa8 50. Rxa8 h4 51. Rh8+ Kg7 52. Rxh4 g5 53. Rg4 Kh6 54. Ke4 Kh5 55. Kf5 f6 56. Rh8# 1-0

[Event "Junior Online 4NCL Division 3"]
[Site "online"]
[Date "2022.02.17"]
[EventDate "2022.02.17"]
[Round "3.125"]
[White "Jinturkar, Paras"]
[WhiteElo "1000"]
[WhiteTeam "KEGS C"]
[Black "Bhattacharjee, Aaditya"]
[BlackElo "696"]
[BlackTeam "East Kilbride Rooks"]
[Result "1-0"]
[PlyCount "25"]

1. c4 e5 2. Nc3 Nc6 3. e3 f5 4. Bd3 e4 5. Bc2 Bb4 6. Qh5+ g6 7. Qe2 Nf6 8. Nd5 Bc5 9. d4 exd3 10. Qxd3 Ne5 11. Qc3 d6 12. f4 Nxd5 13. cxd5 1-0

[Event "Junior Online 4NCL Division 3"]
[Site "online"]
[Date "2022.02.17"]
[EventDate "2022.02.17"]
[Round "3.126"]
[White "Verma, Abhi"]
[WhiteElo "620"]
[WhiteTeam "East Kilbride Rooks"]
[Black "Lankothu, Sushant"]
[BlackElo "1007"]
[BlackTeam "KEGS C"]
[Result "1-0"]
[PlyCount "49"]

1. e4 e5 2. Nc3 Nf6 3. f4 Nc6 4. fxe5 Nxe5 5. d4 Nc6 6. e5 Ng8 7. Nf3 Bb4 8. d5 Nce7 9. Bc4 d6 10. O-O Bg4 11. h3 Bh5 12. Bg5 dxe5 13. g4 Bg6 14. Nxe5 f6 15. Qf3 Bc5+ 16. Kg2 Qd6 17. Bb5+ Kd8 18. Nxg6 Nxg6 19. Rae1 N8e7 20. Re6 Qxe6 21. dxe6 fxg5 22. Qxb7 Rc8 23. Rd1+ Bd6 24. Rxd6+ cxd6 25. Qd7# 1-0

[Event "Junior Online 4NCL Division 3"]
[Site "online"]
[Date "2022.02.17"]
[EventDate "2022.02.17"]
[Round "3.127"]
[White "Gould, Charlie"]
[WhiteElo "952"]
[WhiteTeam "KEGS C"]
[Black "Narasimhan, Srivathsan"]
[BlackElo "501"]
[BlackTeam "East Kilbride Rooks"]
[Result "0-1"]
[PlyCount "108"]

1. e4 e5 2. Nf3 Nc6 3. Nc3 Nf6 4. Bd3 Nd4 5. O-O d6 6. h3 h5 7. b3 g5 8. Ba3 g4 9. Nxd4 exd4 10. Nd5 Nxd5 11. exd5 gxh3 12. Re1+ Kd7 13. Bb5+ c6 14. dxc6+ bxc6 15. Ba4 Qc7 16. gxh3 Rg8+ 17. Kh2 d5+ 18. Kh1 Bxa3 19. Qxh5 Ba6 20. Qxf7+ Kd6 21. Re6+ Kc5 22. Qxc7 Rac8 23. Qa5+ Bb5 24. b4+ Kc4 25. d3+ Kc3 26. Bxb5 Bxb4 27. Rb1 Bxa5 28. Rb3+ Kd2 29. Bxc6 Kxc2 30. Rb5 Rg5 31. Rxa5 Rcg8 32. Bxd5 Kxd3 33. Re3+ dxe3 34. Bxg8 e2 35. Rxg5 e1=Q+ 36. Kg2 Qe4+ 37. Kf1 Qe2+ 38. Kg2 Qe4+ 39. f3 Qe2+ 40. Kg3 Qe1+ 41. Kg4 Qg1+ 42. Kf5 Qc5+ 43. Kg4 Qd4+ 44. f4 Qd7+ 45. f5 Qd4+ 46. Kh5 Qh8+ 47. Kg4 Ke4 48. f6 Qxf6 49. Bh7+ Ke3 50. Rg6 Qf4+ 51. Kh5 Qf5+ 52. Kh6 Qxh3+ 53. Kg7 a5 54. Rc6 Qd7+ 0-1

[Event "Junior Online 4NCL Division 3"]
[Site "online"]
[Date "2022.02.17"]
[EventDate "2022.02.17"]
[Round "3.133"]
[White "Subramonian, Ananya"]
[WhiteElo "974"]
[WhiteTeam "Edgware Gambits E"]
[Black "Mourat, Emil"]
[BlackElo "874"]
[BlackTeam "Desert Penguins Neptune"]
[Result "0-1"]
[PlyCount "66"]

1. e4 c5 2. Bc4 d6 3. Nf3 e6 4. O-O Nf6 5. Nc3 Be7 6. Bb3 O-O 7. d3 h6 8. Nh4 b6 9. Qf3 Bb7 10. Qg3 Kh7 11. Nb5 Nbd7 12. h3 Nh5 13. Qg4 g6 14. Qe2 Bxh4 15. Qe3 Bg5 16. Qg3 Nxg3 17. fxg3 Bxc1 18. Raxc1 a6 19. Nxd6 Bc6 20. g4 Ne5 21. Nc4 Nxc4 22. Bxc4 b5 23. Bb3 a5 24. a3 c4 25. dxc4 bxc4 26. Bxc4 Bxe4 27. Rfe1 Qd4+ 28. Kh2 Qxc4 29. b3 Qc7+ 30. g3 f5 31. gxf5 exf5 32. Kg1 Qxg3+ 33. Kf1 Qg2# 0-1

[Event "Junior Online 4NCL Division 3"]
[Site "online"]
[Date "2022.02.17"]
[EventDate "2022.02.17"]
[Round "3.134"]
[White "Tracey, Reuben"]
[WhiteElo "773"]
[WhiteTeam "Desert Penguins Neptune"]
[Black "Saurymper, Mylo"]
[BlackElo "1009"]
[BlackTeam "Edgware Gambits E"]
[Result "0-1"]
[PlyCount "80"]

1. d4 d5 2. c4 dxc4 3. e3 Nc6 4. Bxc4 g6 5. Nc3 Bg7 6. Nf3 Nf6 7. O-O O-O 8. Qe2 Be6 9. Bd3 Nd5 10. a3 Qd6 11. Nb5 Qd7 12. b4 a6 13. Nc3 Nxc3 14. Qd2 Nd5 15. Bb2 Nb6 16. Qc3 Na4 17. Qb3 Bxb3 18. Bc1 Nc3 19. Bd2 Nd5 20. Rab1 Ba2 21. Rb2 a5 22. bxa5 Nxa5 23. Rxa2 Nb3 24. Bb4 Nxb4 25. axb4 Rxa2 26. Bc4 Ra3 27. Rd1 Ra1 28. Bxb3 Rxd1+ 29. Bxd1 c5 30. bxc5 b5 31. cxb6 Qb7 32. h3 Qxb6 33. Bc2 Rb8 34. h4 Qb2 35. Bd3 Qc1+ 36. Kh2 Rb2 37. d5 Rxf2 38. e4 Qe3 39. Bb5 Qxf3 40. Bc4 Qxg2# 0-1

[Event "Junior Online 4NCL Division 3"]
[Site "online"]
[Date "2022.02.17"]
[EventDate "2022.02.17"]
[Round "3.137"]
[White "Mourat, Emil"]
[WhiteElo "874"]
[WhiteTeam "Desert Penguins Neptune"]
[Black "Subramonian, Ananya"]
[BlackElo "974"]
[BlackTeam "Edgware Gambits E"]
[Result "1-0"]
[PlyCount "43"]

1. d4 e5 2. c4 Nc6 3. Nf3 Qe7 4. a3 Qd8 5. Bg5 Nf6 6. Nc3 Be7 7. h3 O-O 8. e3 h6 9. Bxf6 Bxf6 10. Bd3 exd4 11. exd4 Nxd4 12. O-O Nxf3+ 13. Qxf3 Bd4 14. Qe4 g6 15. Qxd4 Qg5 16. Ne4 Qh4 17. Nf6+ Qxf6 18. Qxf6 d6 19. Rfe1 Be6 20. Rxe6 fxe6 21. Qxg6+ Kh8 22. Qh7# 1-0

[Event "Junior Online 4NCL Division 3"]
[Site "online"]
[Date "2022.02.17"]
[EventDate "2022.02.17"]
[Round "3.138"]
[White "Saurymper, Mylo"]
[WhiteElo "1009"]
[WhiteTeam "Edgware Gambits E"]
[Black "Tracey, Reuben"]
[BlackElo "773"]
[BlackTeam "Desert Penguins Neptune"]
[Result "0-1"]
[PlyCount "46"]

1. e4 c5 2. Nf3 d6 3. d4 cxd4 4. Nxd4 e6 5. Nc3 Nf6 6. Bf4 Be7 7. e5 dxe5 8. Bxe5 Nbd7 9. Bb5 O-O 10. Bxd7 Bxd7 11. O-O b6 12. Ncb5 Rc8 13. Nxa7 Ra8 14. Nac6 Qe8 15. Nxe7+ Qxe7 16. Bc7 Qc5 17. Bf4 e5 18. Nb3 Qb5 19. Be3 Rfd8 20. Bg5 Bc6 21. Nd2 h6 22. Be3 Qd5 23. c4 Qxg2# 0-1

[Event "Junior Online 4NCL Division 3"]
[Site "online"]
[Date "2022.02.17"]
[EventDate "2022.02.17"]
[Round "3.141"]
[White "Sethi, Siddharth"]
[WhiteElo "1296"]
[WhiteTeam "Chess Challengers C"]
[Black "Kovalev, Rostislav"]
[BlackElo "1032"]
[BlackTeam "Brentwood School B"]
[Result "1-0"]
[PlyCount "63"]

1. e4 c5 2. Nf3 e6 3. d4 d5 4. e5 f6 5. exf6 Nxf6 6. Nc3 Nc6 7. Bf4 Be7 8. Nb5 O-O 9. Nc7 Rb8 10. Nxe6 Bxe6 11. Bxb8 Qxb8 12. c3 Bg4 13. Be2 Ne4 14. dxc5 Nf6 15. O-O Bxc5 16. Ng5 Bxe2 17. Qxe2 h6 18. Ne6 Re8 19. Qb5 Bxf2+ 20. Rxf2 Rxe6 21. Raf1 a6 22. Qd3 Re8 23. Rxf6 gxf6 24. Qxd5+ Kh8 25. Qh5 Qa7+ 26. Kh1 Kg7 27. Qxe8 a5 28. Qd7+ Kg6 29. Qf5+ Kg7 30. Qxf6+ Kg8 31. Qg6+ Kh8 32. Rf8# 1-0

[Event "Junior Online 4NCL Division 3"]
[Site "online"]
[Date "2022.02.17"]
[EventDate "2022.02.17"]
[Round "3.142"]
[White "Ferdhaus, Yahya"]
[WhiteElo "1124"]
[WhiteTeam "Brentwood School B"]
[Black "Rajaram, Dilip"]
[BlackElo "1306"]
[BlackTeam "Chess Challengers C"]
[Result "0-1"]
[PlyCount "20"]

1. e4 e5 2. Nf3 Nc6 3. Bc4 Nd4 4. Nxe5 Qg5 5. Nxf7 Qxg2 6. Nxh8 Qxh1+ 7. Bf1 Qxe4+ 8. Be2 Nxc2+ 9. Qxc2 Qxc2 10. Bh5+ g6 0-1

[Event "Junior Online 4NCL Division 3"]
[Site "online"]
[Date "2022.02.17"]
[EventDate "2022.02.17"]
[Round "3.143"]
[White "Aggarwal, Kian"]
[WhiteElo "1288"]
[WhiteTeam "Chess Challengers C"]
[Black "Kishore Kumar, Anushka"]
[BlackElo "1087"]
[BlackTeam "Brentwood School B"]
[Result "0-1"]
[PlyCount "110"]

1. e4 c5 2. Bc4 g6 3. Qf3 e6 4. Nc3 Bg7 5. Nge2 Ne7 6. Nb5 d5 7. exd5 exd5 8. Bb3 c4 9. Ba4 Nec6 10. Ned4 O-O 11. Nxc6 bxc6 12. Nc3 Qe7+ 13. Qe2 Qxe2+ 14. Nxe2 Re8 15. d3 cxd3 16. cxd3 Bg4 17. f3 Bf5 18. Bc2 Na6 19. g4 Bd7 20. Bd1 Nb4 21. O-O Nxd3 22. Bd2 Bd4+ 23. Nxd4 Nxb2 24. Bb3 c5 25. Nc2 c4 26. Bxc4 dxc4 27. Rab1 Na4 28. Rb4 Nb6 29. Na3 Re2 30. Rf2 Rxf2 31. Kxf2 Be6 32. Be3 Rd8 33. Bxb6 axb6 34. Nxc4 b5 35. Ne5 Bxa2 36. Rxb5 Rd2+ 37. Kg3 Be6 38. Rb8+ Kg7 39. f4 f6 40. Nf3 Rd3 41. h3 Bd5 42. Rd8 Rxf3+ 43. Kh4 h6 44. Rxd5 g5+ 45. fxg5 hxg5+ 46. Rxg5+ fxg5+ 47. Kxg5 Rxh3 48. Kf5 Rf3+ 49. Kg5 Rf7 50. Kh5 Rf4 51. g5 Rf1 52. Kg4 Rg1+ 53. Kf5 Rg2 54. Kf4 Kg6 55. Kf3 Rxg5 0-1

[Event "Junior Online 4NCL Division 3"]
[Site "online"]
[Date "2022.02.17"]
[EventDate "2022.02.17"]
[Round "3.144"]
[White "Measday, Austin"]
[WhiteElo "837"]
[WhiteTeam "Brentwood School B"]
[Black "Sharavana, Harshith"]
[BlackElo "1236"]
[BlackTeam "Chess Challengers C"]
[Result "0-1"]
[PlyCount "48"]

1. e4 e5 2. Bc4 Nf6 3. h4 d6 4. f3 Nc6 5. g4 Be6 6. g5 Nd7 7. Bxe6 fxe6 8. Nh3 Qe7 9. Nf2 O-O-O 10. O-O Nd4 11. a4 d5 12. Re1 Qf7 13. Kg2 dxe4 14. fxe4 Bc5 15. c3 Nc6 16. b4 Qxf2+ 17. Kh1 Qxh4+ 18. Kg2 Qxg5+ 19. Kf1 Rdf8+ 20. Ke2 Qg2+ 21. Kd3 Rf3+ 22. Re3 Bxe3 23. dxe3 Rd8 24. a5 Nb6# 0-1

[Event "Junior Online 4NCL Division 3"]
[Site "online"]
[Date "2022.02.17"]
[EventDate "2022.02.17"]
[Round "3.145"]
[White "Kovalev, Rostislav"]
[WhiteElo "1032"]
[WhiteTeam "Brentwood School B"]
[Black "Sethi, Siddharth"]
[BlackElo "1296"]
[BlackTeam "Chess Challengers C"]
[Result "1-0"]
[PlyCount "131"]

1. e4 e5 2. Nf3 Nc6 3. Bc4 Bc5 4. c3 Nf6 5. d3 h6 6. O-O d6 7. h3 Be6 8. Bb3 O-O 9. Be3 Bb6 10. Nbd2 Qd7 11. Kh2 Na5 12. Ba4 Qxa4 13. Qxa4 Nc6 14. Qd1 Kh8 15. d4 exd4 16. Nxd4 Nxd4 17. Bxd4 Bxd4 18. cxd4 g5 19. e5 Nd5 20. Nf3 Rg8 21. exd6 cxd6 22. Nd2 g4 23. hxg4 Rxg4 24. Rh1 Rag8 25. g3 Rxd4 26. Qe1 Nb4 27. Nf3 Rdg4 28. Qc3+ Kh7 29. a3 Nd5 30. Qd3+ f5 31. Nd4 Nf4 32. Qf3 Bd5 33. Qxg4 Rxg4 34. gxf4 Bxh1 35. Kxh1 Rxf4 36. Nb5 Rxf2 37. Rb1 Rd2 38. Nxa7 f4 39. Kg1 f3 40. b4 Re2 41. Nb5 d5 42. Nd4 Re3 43. Rb3 Rxb3 44. Nxb3 Kg6 45. Kf2 Kf5 46. Kxf3 Ke5 47. Nc5 h5 48. Nxb7 h4 49. Nc5 h3 50. Kg3 Kd4 51. Kxh3 Kc4 52. Kg3 d4 53. Kf3 d3 54. Nxd3 Kxd3 55. a4 Kc4 56. b5 Kc5 57. Ke4 Kb6 58. Kd5 Ka5 59. Kc6 Kxa4 60. b6 Ka5 61. b7 Ka4 62. b8=Q Ka3 63. Kc5 Ka2 64. Kc4 Ka1 65. Kc3 Ka2 66. Qb2# 1-0

[Event "Junior Online 4NCL Division 3"]
[Site "online"]
[Date "2022.02.17"]
[EventDate "2022.02.17"]
[Round "3.146"]
[White "Rajaram, Dilip"]
[WhiteElo "1306"]
[WhiteTeam "Chess Challengers C"]
[Black "Ferdhaus, Yahya"]
[BlackElo "1124"]
[BlackTeam "Brentwood School B"]
[Result "1-0"]
[PlyCount "77"]

1. e4 d5 2. Nf3 dxe4 3. Ng5 Nf6 4. d3 exd3 5. Bxd3 h6 6. Nxf7 Qd5 7. Nxh8 Qe5+ 8. Be3 Bf5 9. Bc4 Be6 10. Bxe6 Qxe6 11. Nc3 Nc6 12. Nb5 Rc8 13. O-O a6 14. Nd4 Nxd4 15. Bxd4 Rd8 16. Re1 Qf5 17. c3 c5 18. Qb3 cxd4 19. Qf7+ Kd7 20. Rad1 Kc8 21. cxd4 e5 22. Rc1+ Kb8 23. Qc7+ Ka7 24. Qxd8 Ne4 25. Qh4 Ng5 26. dxe5 Be7 27. Qd4+ Kb8 28. Qb6 Nf3+ 29. gxf3 Qxf3 30. Qc7+ Ka7 31. Qxe7 Qg4+ 32. Kf1 Qh3+ 33. Ke2 Qg4+ 34. f3 Qg2+ 35. Ke3 Qxb2 36. Rb1 Qc3+ 37. Kf2 Qd2+ 38. Kg3 Qd4 39. Qxb7# 1-0